Greatest Is Love (Record no. 4798)

MARC details
000 -LEADER
fixed length control field 00669nam a2200241 a 4500
020 ## - INTERNATIONAL STANDARD BOOK NUMBER
ISBN
082 00 - DEWEY DECIMAL CLASSIFICATION NUMBER
Classification number 225.6
Author Cutter PAR
100 ## - MAIN ENTRY--AUTHOR NAME
Author name Partnership, Mission
245 ## - TITLE STATEMENT
Title Greatest Is Love
Sub title an Edition of the Living New Testament from Living Bible.
260 ## - PUBLICATION, DISTRIBUTION, ETC. (IMPRINT)
Place of publication New Delhi
Name of publisher Partnership Mission
Year of publication 1967
300 ## - PHYSICAL DESCRIPTION
Number of Pages 282p
500 ## - GENERAL NOTE
General note includes index and biblioraphy
505 2# - FORMATTED CONTENTS NOTE
Formatted contents note cisrs social research series no.11
650 ## - SUBJECT ADDED ENTRY--TOPICAL TERM
Topical Term Bible N.T. Theology
942 ## - ADDED ENTRY ELEMENTS (KOHA)
Koha item type Books
700 1# -
-- Partnership, Mission
Holdings
Collection code Home library Current library Date acquired Cost, normal purchase price Full call number Accession Number Koha item type
  Henry Martyn Institute Library Henry Martyn Institute Library 06/19/2007 100.00 225.6 PAR 06997 Books
                   Copyright © 2026 | Henry Martyn Institute | Hyderabad | TS-500052 | INDIA | Implemented by hmi.edu.in
Hit-Count:

Powered by Koha